Medical teacher

Detalles Bibliográficos
Formato: Electrónico Revista
Lenguaje:inglés
Publicado: London, England : Taylor & Francis Health Sciences, 1990-
Edición:Electronic version.
Materias:
Acceso en línea:Full text available from Research Library: 09/01/1997 to 11/30/2000

MARC

LEADER 00000nas a2200000 a 4500
001 ssj0005995
003 WaSeSS
005 20200512172242.0
006 m d
007 cr n
008 040713c19909999enkmr p s 0 a0eng d
010 |a  2018207072  |z sn 79000604  
016 7 |a 7909593  |2 DNLM 
016 7 |a M18530000  |2 DNLM 
016 7 |a 013361038  |2 Uk 
022 |a 1466-187X  |l 0142-159X  |y 0142-159X 
035 |a (WaSeSS)ssj0005995 
037 |b Carfax International Publishers, P.O. Box 25, Abingdon, Oxfordshire, OX14 3UE, England 
040 |a FQM  |b eng  |e pn  |c FQM  |d OCLCQ  |d AUD  |d MUQ  |d AU@  |d TXJ  |d QE2  |d CEF  |d F#A  |d AAA  |d CNTRU  |d UKMGB  |d OCLCQ  |d OCLCF  |d OCLCO  |d OCLCQ  |d OCLCO  |d OCLCQ  |d OD$  |d OCLCA  |d DLC  |d OCLCO  |d OCLCA  |d U3W  |d OCLCO  |d VT2  |d OCLCO  |d OCLCA  |d WaSeSS 
042 |a lccopycat 
050 0 0 |a R735.A1 
060 0 0 |a W1  |b ME517M 
082 0 4 |a 610.711 
210 1 |a Med teach 
222 0 |a Medical teacher 
245 0 0 |a Medical teacher  |h [electronic resource]. 
250 |a Electronic version. 
260 |a London, England :  |b Taylor & Francis Health Sciences,  |c 1990- 
310 |a Monthly,  |b 2009- 
321 |a Frequency varies,  |b 1990-2008 
362 1 |a Began with Vol. 1, issue 1 (1979). 
506 |a License restrictions may limit access. 
588 |a Description based on: Vol. 1, issue 1 (1979); title from journal cover image on homepage (publisher's Web site, viewed July 13, 2004). 
588 |a Latest issue consulted: Vol. 40, issue 5 (2018) (Taylor & Francis Online, viewed June 20, 2018). 
650 0 |a Medicine  |x Study and teaching  |v Periodicals. 
650 0 |a Medical education  |v Periodicals. 
650 6 |a Enseignement médical  |v Périodiques. 
650 7 |a Medical education.  |2 fast  |0 (OCoLC)fst01014024 
650 7 |a Medicine  |x Study and teaching.  |2 fast  |0 (OCoLC)fst01015121 
650 2 |a Education, Medical. 
650 2 |a Education. 
655 0 |a Electronic journals. 
776 0 8 |i Also issued in print:  |t Medical teacher  |x 0142-159X  |w (DLC)sn 79000604  |w (OCoLC)5133070 
850 |a DLC 
856 4 0 |z Full text available from Research Library: 09/01/1997 to 11/30/2000  |u https://search.proquest.com/publication/33662